000 00788nam a22001817a 4500
999 _c62810
_d62810
003 Ge_BSU
005 20250226144730.0
008 250226s1992 ge ||||| |||| 00| 0 geo d
041 _ageo
080 _a616.8 : 612.821 ჩ-98
100 _aჩხიკვიშვილი, ცოტნე
_924420
245 _aმეოცე საუკუნის ცივილიზაცია და ჩვენ :
_b(ფსიქოფიზიოლოგიური ნარკვევი) /
_cცოტნე ჩხიკვიშვილი.
264 _aთბილისი :
_bსაქართველო,
_c1992
300 _a80 გვ. ;
_b20 სმ.
653 _aფსიქოფიზიოლოგია.
653 _aმედიცინა
942 _2udc
_cBK